[Event "X JUBILEUSZOWY MIEDZYNARODOWY TURNIEJ SZACHOWY - GORA SW. ANNY - OPEN A"]
[Site "Gora Sw. Anny"]
[Date "1899-12-30"]
[Round "1.1"]
[White "Fukowski, Pawel"]
[Black "Hnydiuk, Aleksander"]
[Result "0-1"]
[WhiteTitle "k"]
[BlackTitle "IM"]
[WhiteElo "2158"]
[BlackElo "2403"]

1. d4 Nf6 2. Nf3 g6 3. g3 Bg7 4. Bg2 d5 5. O-O O-O 6. c4 dxc4 7. Ne5 Ne8 8. Na3
Nd6 9. Be3 Nf5 10. Naxc4 c6 11. Qd2 Be6 12. Rac1 Nxe3 13. Qxe3 Nd7 14. a3 Nxe5
15. dxe5 Qc7 16. f4 Rfd8 17. b4 Bxc4 18. Rxc4 Qb6 19. Kf2 Rd2 20. Rb1 f6 21. b5
Qxe3+ 22. Kxe3 Ra2 23. bxc6 Rxa3+ 24. Kf2 bxc6 25. Bxc6 Rd8 26. e6 f5 27. Rbb4
Bc3 28. Rb7 Kf8 29. Bd7 Ba5 30. Rb2 Bb6+ 31. Kg2 Re3 32. Rbc2 Kg7 33. R4c3 Rb8
34. Rxe3 Bxe3 35. Rc3 Bd4 36. Rc4 Be3 37. Rc3 Bd2 38. Rc2 Bb4 39. h3 a5 40. e3
Bd6 41. Kf3 Rb3 42. g4 Bb8 43. gxf5 Ba7 44. fxg6 Rxe3+ 45. Kg4 hxg6 46. Rc4 Rd3
47. f5 Bb8 48. fxg6 Kxg6 49. Be8+ Kf6 50. Bd7 Rg3+ 51. Kh4 Rg8 52. Rc3 Kf5 53.
Rc8 Rxc8 54. Bxc8 a4 55. Ba6 Kxe6 56. Kg4 Kd5 57. Bd3 Kd4 58. Bb1 e5 59. h4 e4
60. h5 a3 61. h6 Be5 62. h7 e3 63. Kf3 Kc3 64. Ba2 Kd2 65. Bc4 e2 0-1

[Event "X JUBILEUSZOWY MIEDZYNARODOWY TURNIEJ SZACHOWY - GORA SW. ANNY - OPEN A"]
[Site "Gora Sw. Anny"]
[Date "1899-12-30"]
[Round "1.2"]
[White "Kowalczyk, Pawel"]
[Black "Lukasiewicz, Krzysztof"]
[Result "1-0"]
[WhiteTitle "k+"]
[BlackTitle "k"]
[WhiteElo "2372"]
[BlackElo "2152"]

1. d4 d5 2. Bf4 Nf6 3. Nf3 e6 4. e3 Be7 5. Bd3 O-O 6. Nbd2 b6 7. Qe2 c5 8. c3 Nc6
9. Rd1 Bb7 10. Ne5 c4 11. Bc2 b5 12. g4 b4 13. Rg1 Nxe5 14. dxe5 Nd7 15. g5 g6
16. h4 Qa5 17. Ne4 bxc3 18. Nf6+ Bxf6 19. gxf6 cxb2+ 20. Kf1 c3 21. Qh5 Qb5+ 22.
Ke1 Ba6 23. a4 Qc4 24. Qg4 Nc5 25. h5 Nd3+ 26. Bxd3 Qxd3 27. hxg6 hxg6 28. Rxd3
Bxd3 29. f3 b1=Q+ 30. Kf2 c2 31. e4 Rab8 32. Qg5 Rb2 33. Rc1 Rb7 34. Qh6 Qb6+
35. Kg3 1-0

[Event "X JUBILEUSZOWY MIEDZYNARODOWY TURNIEJ SZACHOWY - GORA SW. ANNY - OPEN A"]
[Site "Gora Sw. Anny"]
[Date "1899-12-30"]
[Round "1.3"]
[White "Pniaczek, Marek"]
[Black "Gumularz, Szymon"]
[Result "0-1"]
[WhiteTitle "CM"]
[BlackTitle "I++"]
[WhiteElo "2143"]
[BlackElo "2359"]

1. e4 g6 2. d4 Bg7 3. c4 d6 4. Nc3 Nc6 5. Nge2 e5 6. d5 Nce7 7. Be3 f5 8. f3 Nf6
9. Qd2 O-O 10. h3 c6 11. dxc6 bxc6 12. O-O-O d5 13. cxd5 cxd5 14. exd5 Bb7 15.
d6 Ned5 16. Nxd5 Nxd5 17. Kb1 Qxd6 18. Nc1 Rfc8 19. Nb3 a5 20. Bb5 Qe7 21. Bg5
Qc7 22. Rc1 Qb6 23. Bc4 Rxc4 24. Rxc4 f4 25. Rc5 Ne3 26. Rhc1 Qe6 27. Rc7 Bd5
28. Be7 Qf5+ 29. Ka1 a4 30. g4 fxg3 31. Nc5 a3 32. Ne4 axb2+ 33. Qxb2 Bxa2 34.
Ba3 Nc4 35. R1xc4 Bxc4 36. Rxg7+ Kxg7 37. Qb7+ Qf7 38. Qxa8 g2 39. Bc5 Qxf3 40.
Qa7+ Bf7 41. Qa8 g1=Q+ 42. Bxg1 Qf1+ 0-1

[Event "X JUBILEUSZOWY MIEDZYNARODOWY TURNIEJ SZACHOWY - GORA SW. ANNY - OPEN A"]
[Site "Gora Sw. Anny"]
[Date "1899-12-30"]
[Round "1.4"]
[White "Piotrowski, Przemyslaw"]
[Black "Czopor, Maciej"]
[Result "1/2-1/2"]
[WhiteTitle "k+"]
[BlackTitle "I++"]
[WhiteElo "2324"]
[BlackElo "2134"]

1. d4 Nf6 2. Nf3 d5 3. g3 e6 4. Bg2 Be7 5. O-O O-O 6. c4 c6 7. Nc3 b6 8. b3 Bb7
9. Bb2 Nbd7 10. Re1 Rc8 11. Rc1 c5 12. cxd5 Nxd5 13. Nxd5 Bxd5 14. e4 Ba8 15.
d5 exd5 16. exd5 Bf6 17. Ne5 Nxe5 18. Bxe5 Bxe5 19. Rxe5 Qd6 20. Qe2 Rcd8 21.
Rd1 Bc6 22. Re1 Bd7 23. Re7 Be6 24. Rxa7 Bxd5 25. Bxd5 Qxd5 26. Qe4 Qd6 27. Qe7
g6 28. h4 h5 29. Rb7 Qxe7 30. Rexe7 Rd6 31. a4 Rf6 32. Kg2 Rd8 33. Red7 Re8 34.
Rd3 Kg7 35. Rf3 Ree6 36. Rxf6 Kxf6 37. Kf3 Kg7 38. Kf4 Kf6 39. f3 Rd6 40. Ke3
Ke6 41. Rc7 Rd4 42. Rc6+ Rd6 43. Rc8 Rd4 44. Re8+ Kf5 45. Ke2 Rb4 46. Re3 g5 47.
hxg5 Kxg5 48. Kd2 f5 49. Kc3 h4 50. gxh4+ Kxh4 51. Re5 f4 52. a5 bxa5 53. Rxc5
Kg3 54. Rxa5 Rb8 55. b4 1/2-1/2

[Event "X JUBILEUSZOWY MIEDZYNARODOWY TURNIEJ SZACHOWY - GORA SW. ANNY - OPEN A"]
[Site "Gora Sw. Anny"]
[Date "1899-12-30"]
[Round "1.5"]
[White "Wisniewski, Michal"]
[Black "Kaczmarek, Aleksander"]
[Result "1/2-1/2"]
[WhiteTitle "k+"]
[BlackTitle "FM"]
[WhiteElo "2132"]
[BlackElo "2321"]

1. e4 c6 2. Nc3 d5 3. Nf3 Bg4 4. h3 Bxf3 5. Qxf3 e6 6. Qg3 Ne7 7. d3 Ng6 8. Be2
d4 9. Nb1 h5 10. f4 Nd7 11. O-O h4 12. Qf2 e5 13. f5 Nf4 14. Bxf4 exf4 15. Qxf4
Qf6 16. e5 Qxe5 17. Qxe5+ Nxe5 18. Nd2 g6 19. fxg6 fxg6 20. Nf3 Nxf3+ 21. Rxf3
Bh6 22. Raf1 O-O-O 23. Rf7 Rhf8 24. Rxf8 Rxf8 25. Rxf8+ Bxf8 26. Bf3 Bh6 27. Kf1
Bc1 28. b3 Kc7 29. Ke2 Kb6 30. Be4 g5 31. Kd1 Ba3 32. c3 dxc3 33. d4 Kc7 34. d5
c5 35. d6+ Kxd6 36. Bxb7 Ke5 37. Kc2 Kd4 38. Ba8 c4 39. Bb7 cxb3+ 40. axb3 Bd6
41. Ba8 1/2-1/2

[Event "X JUBILEUSZOWY MIEDZYNARODOWY TURNIEJ SZACHOWY - GORA SW. ANNY - OPEN A"]
[Site "Gora Sw. Anny"]
[Date "1899-12-30"]
[Round "1.6"]
[White "Grela, Kacper"]
[Black "Kucharska, Honorata"]
[Result "1/2-1/2"]
[WhiteTitle "FM"]
[BlackTitle "k+"]
[WhiteElo "2320"]
[BlackElo "2098"]

1. e4 d6 2. d4 Nf6 3. Nc3 e5 4. Nge2 Be7 5. g3 O-O 6. Bg2 Nbd7 7. O-O Re8 8. h3
Bf8 9. g4 exd4 10. Nxd4 Nc5 11. Re1 a5 12. a4 g6 13. Bf4 Nfd7 14. Bg3 Bg7 15.
Qd2 Ne5 16. b3 Bd7 17. Rad1 Nc6 18. Nxc6 Bxc6 19. Nd5 Bxd5 20. Qxd5 Qe7 21. Re3
Rad8 22. Qc4 Ne6 23. Rd5 b6 24. Kh2 Bh6 25. Rf3 Ng5 26. Rc3 Ne6 27. e5 dxe5 28.
Bxe5 Rxd5 29. Bxd5 Bd2 30. Rd3 Nc5 31. Rxd2 Qxe5+ 32. f4 Qf6 33. Rf2 c6 34. Bg2
Qh4 35. Re2 Rxe2 36. Qxe2 Qf6 37. Qe3 Ne6 38. Kg3 c5 39. c3 Qd8 40. Bf1 Qd6 41.
h4 h5 42. gxh5 Ng7 43. Qe5 Nxh5+ 44. Kg4 Qd1+ 45. Qe2 Qd7+ 46. Kf3 Qd5+ 47. Kf2
Nxf4 48. Qe8+ Kg7 49. Bc4 Qf5 50. Ke1 Ne6 51. Qc6 Qe5+ 52. Kd2 Qh2+ 53. Kc1 Qc7
54. Qh1 Qf4+ 55. Kb1 Qe3 56. h5 gxh5 57. Qxh5 Qe1+ 58. Kc2 Qf2+ 59. Kb1 Qg1+ 60.
Ka2 Qg6 61. Qe5+ Qf6 62. Qg3+ Qg5 63. Qd6 Qf4 64. Qd7 Ng5 65. Qd1 Ne4 66. Ka3
Nxc3 67. Qg1+ Kf8 68. Qh1 Ne4 69. Bd3 Ng5 70. Bc4 Qe5 1/2-1/2

[Event "X JUBILEUSZOWY MIEDZYNARODOWY TURNIEJ SZACHOWY - GORA SW. ANNY - OPEN A"]
[Site "Gora Sw. Anny"]
[Date "1899-12-30"]
[Round "1.7"]
[White "Samborski, Henryk"]
[Black "Lewicki, Miroslaw"]
[Result "0-1"]
[WhiteTitle "k"]
[BlackTitle "CM"]
[WhiteElo "2097"]
[BlackElo "2318"]

1. e4 c5 2. Nf3 d6 3. d4 cxd4 4. Nxd4 Nf6 5. Nc3 a6 6. h3 e5 7. Nde2 b5 8. g4 Bb7
9. Bg2 b4 10. Nd5 Nxd5 11. exd5 Nd7 12. c4 bxc3 13. Nxc3 Be7 14. O-O O-O 15. Be3
a5 16. Qd2 f5 17. f3 Bh4 18. Rac1 Ba6 19. Rfd1 h5 20. gxf5 Rxf5 21. Ne4 Nf6 22.
Rc6 Nxe4 23. fxe4 Rf6 24. Rdc1 Rg6 25. Kh1 Rg3 26. R1c3 Bb5 27. Rb6 Qd7 28. Bg1
Rxc3 29. Qxc3 Rf8 30. Qxa5 Be2 31. Qd2 Bf3 32. Kh2 Rf6 33. Rb3 Bg3+ 34. Kxg3 Rg6+
35. Kh2 Rxg2+ 36. Qxg2 Bxg2 37. Kxg2 Qa4 38. Kf3 g5 39. Be3 g4+ 40. hxg4 hxg4+
41. Kxg4 Qxe4+ 0-1

[Event "X JUBILEUSZOWY MIEDZYNARODOWY TURNIEJ SZACHOWY - GORA SW. ANNY - OPEN A"]
[Site "Gora Sw. Anny"]
[Date "1899-12-30"]
[Round "1.8"]
[White "Nowak, Kamil"]
[Black "Antolak, Julia"]
[Result "1-0"]
[WhiteTitle "m"]
[BlackTitle "WFM"]
[WhiteElo "2306"]
[BlackElo "2074"]

1. e4 c5 2. Nf3 e6 3. d4 cxd4 4. Nxd4 Nf6 5. Nc3 d6 6. g4 h6 7. h4 Nc6 8. Rg1 d5
9. Bb5 Bd7 10. exd5 Nxd5 11. Nxd5 exd5 12. Be3 Qxh4 13. Qd2 Be7 14. O-O-O O-O
15. Nf5 Bxf5 16. gxf5 Kh7 17. Rh1 Qf6 18. Rdg1 Bb4 19. Qd3 Rac8 20. Bxc6 Qxc6
21. f6+ g6 22. Rxh6+ Kg8 23. Rgxg6+ 1-0

[Event "X JUBILEUSZOWY MIEDZYNARODOWY TURNIEJ SZACHOWY - GORA SW. ANNY - OPEN A"]
[Site "Gora Sw. Anny"]
[Date "1899-12-30"]
[Round "1.9"]
[White "Garbowski, Jakub"]
[Black "Kosakowski, Jakub"]
[Result "0-1"]
[WhiteTitle "k"]
[BlackTitle "k"]
[WhiteElo "2059"]
[BlackElo "2277"]

1. e4 c5 2. Nf3 d6 3. d4 cxd4 4. Nxd4 Nf6 5. Nc3 a6 6. Bg5 e6 7. f4 h6 8. Bh4 Qb6
9. a3 Nbd7 10. Bf2 Qc7 11. Qf3 b5 12. O-O-O Bb7 13. g4 Rc8 14. Bd3 Nc5 15. Bg3
Nfd7 16. g5 hxg5 17. fxg5 Ne5 18. Bxe5 dxe5 19. Bxb5+ axb5 20. Ndxb5 Qe7 21. Nd6+
Qxd6 22. Rxd6 Bxd6 23. Rf1 O-O 24. h4 f5 25. Qh5 Nxe4 26. Nxe4 Bxe4 27. Rf2 Bc5
28. Re2 Rfd8 29. g6 Bd4 30. Qh7+ Kf8 31. Qh8+ Ke7 32. Qxg7+ Kd6 33. c3 Bd3 34.
Re1 Rg8 35. Qf6 f4 36. Kd2 Rxg6 37. Qf7 Bf5 38. Qb7 Be3+ 39. Kd1 Rd8 40. b4 Rd7
41. Qa8 Ke7+ 42. Ke2 Rd2+ 43. Kf1 Rf2# 0-1

[Event "X JUBILEUSZOWY MIEDZYNARODOWY TURNIEJ SZACHOWY - GORA SW. ANNY - OPEN A"]
[Site "Gora Sw. Anny"]
[Date "1899-12-30"]
[Round "1.10"]
[White "Kocwin, Bartosz"]
[Black "Michalski, Filip"]
[Result "1-0"]
[WhiteTitle "FM"]
[BlackTitle "k"]
[WhiteElo "2217"]
[BlackElo "2045"]

1. d4 Nf6 2. c4 e6 3. Nf3 d5 4. e3 c6 5. Nc3 Be7 6. Bd3 O-O 7. O-O dxc4 8. Bxc4
b5 9. Bd3 a6 10. e4 Nbd7 11. e5 Nd5 12. Nxd5 cxd5 13. Bd2 f6 14. exf6 Bxf6 15.
Rc1 Re8 16. Re1 Nf8 17. Ne5 Bd7 18. Bb4 Rc8 19. Bc5 Be7 20. Qf3 Bxc5 21. dxc5
Re7 22. b4 Bc6 23. a4 Be8 24. axb5 Bxb5 25. Bxb5 axb5 26. Qd3 Nd7 27. Nf3 Nf6
28. Nd4 e5 29. Nxb5 Rb8 30. c6 e4 31. Qe2 Qb6 32. Rc5 Rc8 33. Rec1 Kh8 34. Nd6
Rcc7 35. Qb5 Qa7 36. Qa5 Qb8 37. Nb5 d4 38. Nxc7 Rxc7 39. Ra1 Qd8 40. Qa8 Rc8
41. c7 Qf8 42. Qxc8 Qxc8 43. Ra8 Qxa8 44. c8=Q+ Qxc8 45. Rxc8+ Ng8 46. b5 e3 47.
fxe3 dxe3 48. b6 1-0

[Event "X JUBILEUSZOWY MIEDZYNARODOWY TURNIEJ SZACHOWY - GORA SW. ANNY - OPEN A"]
[Site "Gora Sw. Anny"]
[Date "1899-12-30"]
[Round "1.11"]
[White "Godzwon, Iwo"]
[Black "Kiolbasa, Oliwia"]
[Result "1/2-1/2"]
[WhiteTitle "k"]
[BlackTitle "WIM"]
[WhiteElo "2039"]
[BlackElo "2208"]

1. e4 e5 2. Nf3 Nc6 3. Bb5 a6 4. Ba4 Nf6 5. O-O Be7 6. Re1 b5 7. Bb3 O-O 8. Nc3
d6 9. Nd5 Na5 10. Nxe7+ Qxe7 11. d3 h6 12. h3 c5 13. Bd2 Nxb3 14. axb3 Ne8 15.
b4 Nc7 16. Bc3 f6 17. Nh4 Qf7 18. Qf3 Re8 19. Nf5 Bxf5 20. Qxf5 cxb4 21. Bxb4
d5 22. Ba5 Rac8 23. Bxc7 Rxc7 24. c3 Qd7 25. Qxd7 Rxd7 26. exd5 Rxd5 27. Red1
Rd6 28. Kf1 Red8 29. Ke2 Kf7 30. Ke3 Kg6 31. Ke4 b4 32. Ra4 bxc3 33. bxc3 Rc8
34. Ra3 Rdc6 35. Rda1 Rxc3 36. Rxc3 Rxc3 37. Rxa6 Rc1 38. Ra5 Rg1 39. Kf3 Rd1
40. Ke2 Rg1 41. Kf3 Rd1 1/2-1/2

[Event "X JUBILEUSZOWY MIEDZYNARODOWY TURNIEJ SZACHOWY - GORA SW. ANNY - OPEN A"]
[Site "Gora Sw. Anny"]
[Date "1899-12-30"]
[Round "1.12"]
[White "Dmochowska, Agnieszka"]
[Black "Domanski, Lukasz"]
[Result "0-1"]
[WhiteTitle "WCM"]
[BlackTitle "I++"]
[WhiteElo "2184"]
[BlackElo "2026"]

1. e4 e5 2. Nf3 Nc6 3. Bb5 a6 4. Ba4 d6 5. c4 Bg4 6. Nc3 Bxf3 7. Qxf3 Nf6 8. Nd5
Nd7 9. Qg4 Rb8 10. Bxc6 bxc6 11. Ne3 Nc5 12. O-O h5 13. Qd1 Be7 14. Nf5 Bf6 15.
d4 exd4 16. Nxd4 Qd7 17. Rb1 O-O 18. f3 d5 19. cxd5 cxd5 20. exd5 Qxd5 21. Ne2
Qxa2 22. Be3 Ne6 23. f4 Rxb2 24. Rxb2 Qxb2 25. Ng3 h4 26. Nf5 Rd8 27. Qg4 Nd4
28. Nxh4 Re8 29. Bf2 c5 30. Nf5 Nxf5 31. Qxf5 Bd4 32. Bxd4 Qxd4+ 33. Kh1 c4 34.
Qg5 Qf2 35. Rg1 Re1 0-1

[Event "X JUBILEUSZOWY MIEDZYNARODOWY TURNIEJ SZACHOWY - GORA SW. ANNY - OPEN A"]
[Site "Gora Sw. Anny"]
[Date "1899-12-30"]
[Round "1.13"]
[White "Fiedorek, Michal"]
[Black "Sliwicka, Alicja"]
[Result "0-1"]
[WhiteTitle "I"]
[BlackTitle "WFM"]
[WhiteElo "1872"]
[BlackElo "2171"]

1. e4 c5 2. Nf3 e6 3. d4 cxd4 4. Nxd4 a6 5. Nc3 b5 6. g3 Bb7 7. Bg2 Nf6 8. Bg5
Be7 9. O-O b4 10. Na4 Qa5 11. Bxf6 Bxf6 12. Nb3 Qc7 13. Qd2 a5 14. Nd4 O-O 15.
Rad1 Bxd4 16. Qxd4 Bc6 17. Nc5 Rc8 18. Nd3 Bb7 19. f4 Ra6 20. Rf2 Nc6 21. Qe3
Ne7 22. Rfd2 d6 23. Nf2 a4 24. a3 bxa3 25. Qxa3 d5 26. f5 exf5 27. exd5 Qd6 28.
c4 Qxa3 29. bxa3 Rd6 30. Bf1 Ba6 31. Rd4 Ng6 32. Re1 f6 33. Re6 Rxe6 34. dxe6
Ne5 35. Bg2 Kf8 36. Bd5 Bxc4 37. Kg2 Ke7 38. Bxc4 Rxc4 39. Rd5 Rc2 40. Rd4 Kxe6
41. Rxa4 Nd3 42. Ra6+ Kf7 43. Ra7+ Kg6 0-1

[Event "X JUBILEUSZOWY MIEDZYNARODOWY TURNIEJ SZACHOWY - GORA SW. ANNY - OPEN A"]
[Site "Gora Sw. Anny"]
[Date "1899-12-30"]
[Round "2.1"]
[White "Hnydiuk, Aleksander"]
[Black "Nowak, Kamil"]
[Result "1/2-1/2"]
[WhiteTitle "IM"]
[BlackTitle "m"]
[WhiteElo "2403"]
[BlackElo "2306"]

1. d4 d5 2. c4 c6 3. cxd5 cxd5 4. Bf4 Nc6 5. e3 Nf6 6. Nc3 a6 7. Bd3 Bg4 8. Nge2
e6 9. O-O Be7 10. Rc1 O-O 11. Na4 Nd7 12. f3 Bh5 13. Qb3 Ra7 14. Bg3 Bg6 15. Nf4
Na5 16. Qc3 b5 17. Nxg6 hxg6 18. Nc5 Nxc5 19. dxc5 Nc4 20. Bxc4 bxc4 21. Qa3 Qd7
22. b3 Qc6 23. bxc4 Qxc5 24. Qxc5 Bxc5 25. Bf2 dxc4 26. Rxc4 Rc7 27. Rfc1 Rfc8
28. Kf1 Bb6 29. Rxc7 Rxc7 30. Rxc7 Bxc7 31. e4 Kf8 32. h3 Be5 33. Ke2 Ke7 34.
Kd3 Kd6 35. Be3 Kc6 36. Kc4 Bf6 37. f4 Bh4 38. Bd4 Bg3 39. f5 gxf5 40. exf5 g6
41. fxg6 fxg6 42. Be3 e5 43. Bc5 Be1 44. g4 Bh4 45. Bb4 Bf6 46. Be1 g5 47. Bb4
Bd8 48. Bc5 Bf6 49. Bf8 Bd8 50. Bc5 1/2-1/2

[Event "X JUBILEUSZOWY MIEDZYNARODOWY TURNIEJ SZACHOWY - GORA SW. ANNY - OPEN A"]
[Site "Gora Sw. Anny"]
[Date "1899-12-30"]
[Round "2.2"]
[White "Kosakowski, Jakub"]
[Black "Kowalczyk, Pawel"]
[Result "1-0"]
[WhiteTitle "k"]
[BlackTitle "k+"]
[WhiteElo "2277"]
[BlackElo "2372"]

1. e4 d5 2. exd5 Nf6 3. Nf3 Nxd5 4. d4 g6 5. c4 Nf6 6. h3 Bg7 7. Be2 O-O 8. O-O
c5 9. Nc3 cxd4 10. Nxd4 a6 11. Be3 e5 12. Nb3 Bf5 13. Rc1 Nbd7 14. Qd2 Re8 15.
Rfd1 Nf8 16. Nd5 Nxd5 17. cxd5 a5 18. Nc5 b6 19. Na4 Rb8 20. Nc3 Qe7 21. Nb5 Rec8
22. d6 Qd8 23. Nc7 Be4 24. d7 Rxc7 25. Rxc7 Ne6 26. Bxb6 Rxb6 27. Rc8 Bf6 28.
Rxd8+ Bxd8 29. Rc1 Kg7 30. Rc8 Rb4 31. Bc4 Bg5 32. Qxg5 1-0

[Event "X JUBILEUSZOWY MIEDZYNARODOWY TURNIEJ SZACHOWY - GORA SW. ANNY - OPEN A"]
[Site "Gora Sw. Anny"]
[Date "1899-12-30"]
[Round "2.3"]
[White "Gumularz, Szymon"]
[Black "Kocwin, Bartosz"]
[Result "1-0"]
[WhiteTitle "I++"]
[BlackTitle "FM"]
[WhiteElo "2359"]
[BlackElo "2217"]

1. e4 e5 2. Nc3 Nf6 3. g3 Bc5 4. Bg2 Nc6 5. Nge2 a6 6. O-O d6 7. d3 O-O 8. h3 b5
9. a3 Bb7 10. Kh2 Re8 11. f4 Rb8 12. g4 exf4 13. Bxf4 Nd4 14. Ng3 Ne6 15. Bd2
Bd4 16. Nf5 Be5+ 17. Kh1 c5 18. g5 Nd7 19. Qg4 Nd4 20. Nxd4 cxd4 21. Ne2 Nc5 22.
Nf4 g6 23. Rf2 Qe7 24. Raf1 Rf8 25. h4 Bg7 26. h5 Nd7 27. Qh4 Ne5 28. Bh3 f5 29.
gxf6 Bxf6 30. Be6+ Kg7 31. Qh3 Bg5 32. h6+ Kh8 33. Nd5 Rxf2 34. Nxe7 Rxf1+ 35.
Qxf1 Bxe7 36. c3 Rf8 37. Qe2 Bh4 38. cxd4 Rf2 39. Qxf2 Bxf2 40. dxe5 dxe5 41.
Bg5 1-0

[Event "X JUBILEUSZOWY MIEDZYNARODOWY TURNIEJ SZACHOWY - GORA SW. ANNY - OPEN A"]
[Site "Gora Sw. Anny"]
[Date "1899-12-30"]
[Round "2.4"]
[White "Lewicki, Miroslaw"]
[Black "Sliwicka, Alicja"]
[Result "0-1"]
[WhiteTitle "CM"]
[BlackTitle "WFM"]
[WhiteElo "2318"]
[BlackElo "2171"]

1. e4 c5 2. Nf3 e6 3. c4 a6 4. Nc3 Qc7 5. Be2 d6 6. d4 cxd4 7. Nxd4 Nf6 8. O-O
Be7 9. Be3 Nbd7 10. Kh1 b6 11. g4 Bb7 12. f3 h6 13. Rc1 Rc8 14. Qd2 Qb8 15. Rg1
Bd8 16. Rg2 Ne5 17. b3 g5 18. h4 Ng6 19. hxg5 hxg5+ 20. Kg1 Nh4 21. Rf2 d5 22.
cxd5 Qg3+ 23. Kf1 exd5 24. exd5 Rxc3 25. Rxc3 Nxd5 26. Bc4 Nxc3 27. Qxc3 Bf6 28.
Qb4 Nxf3 29. Nf5 Rh1+ 30. Ke2 Qe5 31. Nd6+ Kd7 32. Nxb7 Re1+ 33. Qxe1 Nxe1 34.
Rf5 Qa1 35. Rd5+ Kc7 36. Nd6 Nc2 37. Bd2 Nd4+ 38. Kd3 Qf1+ 39. Kc3 Qf3+ 40. Kb4
Nc6+ 41. Ka3 Be7 42. Rf5 Bxd6+ 43. Kb2 Qxg4 44. Rxf7+ Kd8 45. Bxa6 Be5+ 46. Ka3
Qe6 47. Bxg5+ Ke8 0-1

[Event "X JUBILEUSZOWY MIEDZYNARODOWY TURNIEJ SZACHOWY - GORA SW. ANNY - OPEN A"]
[Site "Gora Sw. Anny"]
[Date "1899-12-30"]
[Round "2.5"]
[White "Domanski, Lukasz"]
[Black "Piotrowski, Przemyslaw"]
[Result "0-1"]
[WhiteTitle "I++"]
[BlackTitle "k+"]
[WhiteElo "2026"]
[BlackElo "2324"]

1. e4 c5 2. Nf3 Nc6 3. Bb5 g6 4. Bxc6 dxc6 5. d3 Bg7 6. Nc3 e5 7. Be3 Qe7 8. Qd2
h6 9. O-O-O Nf6 10. h4 Ng4 11. h5 Nxe3 12. fxe3 Bg4 13. hxg6 fxg6 14. Rdf1 O-O-O
15. Qe1 h5 16. Qg3 g5 17. Kb1 Bf6 18. Nd2 Be6 19. Qe1 h4 20. Nc4 g4 21. Ne2 b6
22. g3 h3 23. b3 Rhf8 24. Nd2 Bg5 25. Nc3 Qg7 26. Nd1 Qh6 27. Rfg1 Rd7 28. Qe2
Rdf7 29. Rh2 b5 30. c4 a6 31. Kc2 Bd8 32. Nf2 Ba5 33. Nd1 Rd8 34. Nf1 Bb4 35.
Rhh1 Rfd7 36. Nf2 Qg6 37. Rh2 Qg8 38. Kb1 bxc4 39. bxc4 Rb7 40. Kc2 Ba3 0-1

[Event "X JUBILEUSZOWY MIEDZYNARODOWY TURNIEJ SZACHOWY - GORA SW. ANNY - OPEN A"]
[Site "Gora Sw. Anny"]
[Date "1899-12-30"]
[Round "2.6"]
[White "Kaczmarek, Aleksander"]
[Black "Godzwon, Iwo"]
[Result "1-0"]
[WhiteTitle "FM"]
[BlackTitle "k"]
[WhiteElo "2321"]
[BlackElo "2039"]

1. e4 c5 2. Nf3 Nc6 3. d4 cxd4 4. Nxd4 g6 5. Nc3 Bg7 6. Be3 Nf6 7. Bc4 O-O 8. Bb3
d6 9. h3 Na5 10. O-O b6 11. Qd3 Nxb3 12. axb3 Bb7 13. b4 d5 14. e5 Ne4 15. f4
Nxc3 16. Qxc3 Qd7 17. Bf2 e6 18. Bh4 Rfc8 19. Qg3 Kh8 20. c3 a5 21. bxa5 Rxa5
22. Rae1 Ra2 23. Rf2 Rca8 24. Bf6 Bxf6 25. exf6 Ra1 26. Rfe2 Qd8 27. Qh4 Rxe1+
28. Rxe1 Kg8 29. f5 e5 30. fxg6 fxg6 31. Rxe5 Ra1+ 32. Kh2 Qd6 33. Qf4 1-0

[Event "X JUBILEUSZOWY MIEDZYNARODOWY TURNIEJ SZACHOWY - GORA SW. ANNY - OPEN A"]
[Site "Gora Sw. Anny"]
[Date "1899-12-30"]
[Round "2.7"]
[White "Czopor, Maciej"]
[Black "Grela, Kacper"]
[Result "0-1"]
[WhiteTitle "I++"]
[BlackTitle "FM"]
[WhiteElo "2134"]
[BlackElo "2320"]

1. e4 c5 2. Nf3 Nc6 3. d4 cxd4 4. Nxd4 Nf6 5. Nc3 d6 6. Bg5 e6 7. Qd2 Be7 8. O-O-O
a6 9. f4 Bd7 10. Nf3 b5 11. e5 b4 12. exf6 bxc3 13. Qxc3 gxf6 14. Bh4 Rb8 15.
g4 O-O 16. f5 Nb4 17. Kb1 Qa5 18. a3 Rfc8 19. axb4 Rxb4 20. Be1 Rxc3 21. Bxc3
Bc6 22. Bg2 e5 23. g5 fxg5 24. f6 Bxf6 25. Rxd6 Bxf3 26. Bxf3 Kg7 27. Bd5 Qc5
28. Bxb4 Qxb4 29. Rd7 e4 30. Rxf7+ Kg6 31. Rb7 Qd4 32. Bf7+ Kh6 33. Be6 e3 34.
Bf5 g4 35. h4 Bg7 36. Bd3 g3 37. Be2 Bf6 38. Bd3 Bxh4 39. Rxh7+ Kg5 40. Re7 g2
41. Rg1 Kf4 42. Re4+ Qxe4 43. Bxe4 Kxe4 44. Rxg2 Bf2 45. Rh2 e2 46. Rh1 e1=Q+
47. Rxe1+ Bxe1 48. Ka2 Kd4 49. Ka3 Ba5 50. Ka4 Bc7 51. Kb4 Bb6 52. Kb3 Kc5 53.
Ka4 Kc4 54. Ka3 Bc7 55. Ka4 Bd8 56. Ka3 Kb5 57. b3 Bf6 58. c4+ Kc5 59. Ka4 Bc3
60. Ka3 a5 61. Ka4 Kc6 62. Ka3 Kb6 63. Ka4 Bb4 64. c5+ Bxc5 65. b4 axb4 66. Kb3
Kb5 67. Kb2 Ka4 68. Ka2 Bd4 69. Kb1 Ka3 0-1

[Event "X JUBILEUSZOWY MIEDZYNARODOWY TURNIEJ SZACHOWY - GORA SW. ANNY - OPEN A"]
[Site "Gora Sw. Anny"]
[Date "1899-12-30"]
[Round "2.8"]
[White "Kiolbasa, Oliwia"]
[Black "Wisniewski, Michal"]
[Result "1-0"]
[WhiteTitle "WIM"]
[BlackTitle "k+"]
[WhiteElo "2208"]
[BlackElo "2132"]

1. e4 c5 2. Nf3 Nc6 3. d4 cxd4 4. Nxd4 g6 5. c4 Bg7 6. Be3 Nf6 7. Nc3 O-O 8. Be2
d6 9. O-O Bd7 10. Rc1 Nxd4 11. Bxd4 Bc6 12. f3 Nd7 13. Be3 a5 14. b3 Nc5 15. Qd2
Qb6 16. Nd5 Bxd5 17. cxd5 Rfc8 18. Kh1 Nxb3 19. axb3 Qxb3 20. Bd4 Bxd4 21. Qxd4
a4 22. Ra1 a3 23. Rfb1 Qc3 24. Qxc3 Rxc3 25. Ra2 Rac8 26. Kg1 Rc2 27. Rba1 Rb2
28. Bf1 Rcc2 29. Rxa3 b5 30. Ra7 b4 31. Rxe7 b3 32. e5 Rd2 33. exd6 Rxd5 34. d7
Rbd2 35. Rb1 b2 36. Re8+ Kg7 37. d8=Q Rxd8 38. Rxd8 Rxd8 39. Rxb2 1-0

[Event "X JUBILEUSZOWY MIEDZYNARODOWY TURNIEJ SZACHOWY - GORA SW. ANNY - OPEN A"]
[Site "Gora Sw. Anny"]
[Date "1899-12-30"]
[Round "2.9"]
[White "Kucharska, Honorata"]
[Black "Dmochowska, Agnieszka"]
[Result "1/2-1/2"]
[WhiteTitle "k+"]
[BlackTitle "WCM"]
[WhiteElo "2098"]
[BlackElo "2184"]

1. e4 e6 2. Qe2 c5 3. g3 Nc6 4. c3 d5 5. exd5 Qxd5 6. Nf3 g6 7. Bg2 Bg7 8. O-O
Nge7 9. Rd1 Qd7 10. Na3 O-O 11. Nc4 Nf5 12. d3 Qe7 13. Ne3 e5 14. Nxf5 Bxf5 15.
Nh4 Be6 16. Re1 Rad8 17. Be3 Bd5 18. Nf3 Qd6 19. Ng5 Bxg2 20. Kxg2 b6 21. Rad1
h6 22. Ne4 Qe6 23. c4 f5 24. Nc3 f4 25. Bxf4 Nd4 26. Qe4 Nc2 27. Re2 Nd4 28. Ree1
Nc2 29. Re2 Rd4 30. Qb7 Rd7 31. Qe4 Rd4 32. Qb7 Rd7 33. Qe4 Rd4 34. Qb7 Rd7 1/2-1/2

[Event "X JUBILEUSZOWY MIEDZYNARODOWY TURNIEJ SZACHOWY - GORA SW. ANNY - OPEN A"]
[Site "Gora Sw. Anny"]
[Date "1899-12-30"]
[Round "2.10"]
[White "Antolak, Julia"]
[Black "Fukowski, Pawel"]
[Result "1-0"]
[WhiteTitle "WFM"]
[BlackTitle "k"]
[WhiteElo "2074"]
[BlackElo "2158"]

1. e4 e6 2. d4 d5 3. Nd2 Nf6 4. e5 Nfd7 5. Bd3 c5 6. c3 Nc6 7. Ne2 cxd4 8. cxd4
f6 9. exf6 Nxf6 10. Nf3 Bd6 11. O-O Qc7 12. Bg5 O-O 13. Bh4 Nh5 14. Qc2 h6 15.
Bh7+ Kh8 16. Bg6 Nf4 17. Nxf4 Bxf4 18. Bg3 Qb6 19. Rad1 Bd7 20. Rfe1 Bxg3 21.
hxg3 Rf6 22. Re3 Rc8 23. Rc3 Rcf8 24. a3 a5 25. Rd2 Rd8 26. g4 Rf4 27. g5 Nxd4
28. Nxd4 Rxd4 29. gxh6 Rh4 30. hxg7+ Kxg7 31. Rg3 Rdh8 32. Bf5+ Kf8 33. Bh3 R8h6
34. Qc3 d4 35. Qf3+ Ke7 36. Rg7+ 1-0

[Event "X JUBILEUSZOWY MIEDZYNARODOWY TURNIEJ SZACHOWY - GORA SW. ANNY - OPEN A"]
[Site "Gora Sw. Anny"]
[Date "1899-12-30"]
[Round "2.11"]
[White "Lukasiewicz, Krzysztof"]
[Black "Garbowski, Jakub"]
[Result "1-0"]
[WhiteTitle "k"]
[BlackTitle "k"]
[WhiteElo "2152"]
[BlackElo "2059"]

1. e4 c5 2. Nf3 e6 3. d4 cxd4 4. Nxd4 Nf6 5. Nc3 d6 6. g3 Be7 7. Bg2 a6 8. O-O
Qc7 9. Be3 O-O 10. Qe2 Bd7 11. f4 Nc6 12. Nb3 Na5 13. Nxa5 Qxa5 14. g4 Bc6 15.
g5 Nd7 16. a3 Rfe8 17. Kh1 Bf8 18. Qf2 Qc7 19. Qh4 g6 20. Rf3 Bg7 21. Rh3 Nf8
22. Qf2 Rac8 23. Rd1 Qe7 24. Qd2 Rcd8 25. Bb6 Rd7 26. Rd3 d5 27. e5 Rc8 28. Rh3
Bh8 29. Qd4 Bg7 30. b4 Qe8 31. Bc5 Qd8 32. Bb6 Qe7 33. Qf2 Bh8 34. Rd4 Qe8 35.
Bf1 Re7 36. Bc5 Rd7 37. Qh4 h5 38. gxh6 Nh7 39. Bd3 Qd8 40. Qg4 b6 41. Bd6 Rxd6
42. Bxg6 Nf6 43. Qg1 Rd7 44. f5 fxg6 45. fxe6 Rdc7 46. Qxg6+ Kf8 47. Rf3 Be8 48.
Qg5 Rxc3 49. exf6 Qd6 50. h7 Bf7 51. e7+ Ke8 52. Rxc3 Rxc3 53. Qg8+ Kd7 54. Qxf7
Qe6 55. e8=Q+ 1-0